Biblioteca y Centro de Documentación

Dictamen 3-1999 (Registro nro. 10746)

Detalles MARC
000 -CABECERA
Longitud fija campo de control 01209nam a2200313 c 4500
001 - NÚMERO DE CONTROL
Número de control 10746
003 - IDENTIFICADOR DE NÚMERO DE CONTROL
Identificador del número de control ES-MaCES
005 - FECHA Y HORA DE LA ÚLTIMA TRANSACCIÓN
Fecha y hora de la última transacción 20141221122106.0
008 - CAMPO FIJO DE DESCRIPCIÓN FIJA--INFORMACIÓN GENERAL
Códigos de información de longitud fija   000704s1999 sp t o000 | spa d
035 ## - NÚMERO DE CONTROL DEL SISTEMA
Número de control del sistema CES20000008075m
040 ## - FUENTE DE CATALOGACIÓN
Centro catalogador de origen ES-MaCES
Lengua de catalogación spa
Centro transcriptor ES-MaCES
110 2# - ENCABEZAMIENTO PRINCIPAL--NOMBRE CORPORATIVO
Nombre de entidad corporativa o nombre de jurisdicción como elemento inicial Consejo Económico y Social de la Ciudad de Huelva
9 (RLIN) 2439
245 10 - MENCIÓN DE TÍTULO
Título Dictamen 3-1999
Resto del título : sobre la Ordenanza fiscal reguladora de la tasa por prestación de servicios urbanísticos (...) y la Ordenanza fiscal reguladora de la tasa por prestación del servicio de saneamiento y otras actividades anexas al mismo : Sesión del Pleno de 19 de noviembre
Mención de responsabilidad, etc. Consejo Económico y Social, Ciudad de Huelva
260 ## - PUBLICACIÓN, DISTRIBUCIÓN, ETC (PIE DE IMPRENTA)
Lugar de publicación, distribución, etc. Huelva
Nombre del editor, distribuidor, etc. CES
Fecha de publicación, distribución, etc. 1999
300 ## - DESCRIPCIÓN FÍSICA
Extensión 7 p.
Dimensiones 24 cm
541 ## - NOTA DE LA FUENTE INMEDIANTE DE ADQUISICIÓN
Forma de adquisición Gratuito
650 #4 - ASIENTO SECUNDARIO DE MATERIA--TÉRMINO DE MATERIA
Término de materia o nombre geográfico como elemento inicial administración fiscal
9 (RLIN) 27209
650 #4 - ASIENTO SECUNDARIO DE MATERIA--TÉRMINO DE MATERIA
Término de materia o nombre geográfico como elemento inicial precio regulado
9 (RLIN) 27912
650 #4 - ASIENTO SECUNDARIO DE MATERIA--TÉRMINO DE MATERIA
Término de materia o nombre geográfico como elemento inicial urbanización
9 (RLIN) 28625
650 #4 - ASIENTO SECUNDARIO DE MATERIA--TÉRMINO DE MATERIA
Término de materia o nombre geográfico como elemento inicial planificación urbana
9 (RLIN) 28620
650 #4 - ASIENTO SECUNDARIO DE MATERIA--TÉRMINO DE MATERIA
Término de materia o nombre geográfico como elemento inicial servicio de saneamiento
9 (RLIN) 28743
650 #4 - ASIENTO SECUNDARIO DE MATERIA--TÉRMINO DE MATERIA
Término de materia o nombre geográfico como elemento inicial Huelva
9 (RLIN) 31291
650 #4 - ASIENTO SECUNDARIO DE MATERIA--TÉRMINO DE MATERIA
Término de materia o nombre geográfico como elemento inicial régimen jurídico
9 (RLIN) 29894
650 #4 - ASIENTO SECUNDARIO DE MATERIA--TÉRMINO DE MATERIA
Término de materia o nombre geográfico como elemento inicial dictamen
9 (RLIN) 30802
653 10 - TÉRMINO DE INDEXACIÓN--NO CONTROLADO
Término no controlado Fiscalidad
902 ## - CES. TIPO DE DOCUMENTO
Tipodoc (006$c Sirtex) LIB Libro
942 ## - ELEMENTOS KOHA
Fuente de clasificaión o esquema Clasificación propia del CES
Koha [por defecto] tipo de item Monografías
Parte de clasificación 0.1.
Existencias
Número de registro Signatura completa Tipo de item de Koha
037285 - Monografías
© CES, Consejo Económico y Social de España 2021